Stade Rennais players (2010-2020) - Statistics

General Stats
  • This quiz has been taken 6 times
  • The average score is 59 of 132
Answer Stats
Rank Player Positions Nationality Matches Goals (assists) Period % Correct
6 Adrien Hunou ST 104 21 (4) 2013-2014, 2016-2020
100%
8 Benjamin Bourigeaud CM 96 18 (14) 2017-2020
100%
2 Benoît Costil GK 219 0 (1) 2011-2017
100%
71 Edouard Mendy GK 24 0 (0) 2019-2020
100%
11 Hamari Traoré RB 91 0 (8) 2017-2020
100%
4 Mexer CB 120 5 (1) 2014-2019
100%
43 Ola Toivonen ST 46 14 (1) 2013-2016
100%
1 Romain Danzé RB 236 3 (13) 2010-2018
100%
27 Tomas Koubek GK 67 0 (1) 2017-2019
100%
3 Benjamin André DM 154 7 (9) 2014-2019
80%
33 Damien Da Silva CB 58 3 (3) 2018-2020
80%
60 Eduardo Camavinga CM 32 1 (2) 2018-2020
80%
57 Firmin Mubele ST 34 8 (2) 2016-2018
80%
77 Jérémy Morel LB 21 1 (1) 2019-2020
80%
17 Kamil Grosicki LW 81 13 (13) 2013-2017
80%
36 M'Baye Niang ST 55 21 (5) 2018-2020
80%
37 Mehdi Zeffane RB 52 2 (2) 2015-2019
80%
23 Paul-Georges Ntep LW 74 18 (15) 2013-2017
80%
94 Philipp Hosiner ST 12 0 (1) 2014-2015
80%
19 Ramy Bensebaini LB 79 1 (2) 2016-2019
80%
40 Romain Alessandrini RW 49 16 (12) 2012-2014
80%
39 Anders Konradsen DM 49 3 (1) 2012-2015
60%
104 Christian Brüls AM 9 0 (3) 2014-2015
60%
44 Clément Grenier CM 44 3 (6) 2018-2020
60%
85 Flavien Tait CM 17 2 (3) 2019-2020
60%
10 Gelson Fernandes DM 93 1 (1) 2014-2017
60%
66 Habib Habibou ST 27 3 (1) 2014-2016
60%
68 Hatem Ben Arfa AM 26 7 (2) 2018-2019
60%
31 Ismaïla Sarr RW 59 13 (12) 2017-2019
60%
32 Jean Makoun DM 59 3 (6) 2012-2015
60%
12 Jonathan Pitroipa RW 91 13 (18) 2011-2014
60%
14 Joris Gnagnon CB 89 3 (2) 2015-2018, 2019-2020
60%
46 Kader Mangane CB 43 5 (0) 2010-2012
60%
101 Kermit Erasmus ST 10 0 (0) 2015-2017
60%
22 Ludovic Baal LB 74 0 (8) 2015-2019
60%
42 Mevlüt Erdinç ST 48 15 (5) 2011-2014
60%
62 Nélson Oliveira ST 30 8 (1) 2013-2014
60%
74 Onyekachi Apam CB 23 0 (0) 2011-2013
60%
69 Ousmane Dembélé RW 26 12 (5) 2015-2016
60%
49 Pedro Mendes CB 41 0 (0) 2015-2017
60%
76 Raphinha LW 22 5 (3) 2019-2020
60%
24 Víctor Montaño ST 71 16 (6) 2010-2013
60%
50 Yacine Brahimi LW 39 6 (4) 2010-2012
60%
13 Yann M'Vila DM 91 2 (3) 2010-2013
60%
75 Youssouf Hadji ST 23 6 (5) 2011-2012
60%
84 Abdoulaye Diallo GK 17 0 (0) 2011-2012, 2015-2016, 2017-2019
40%
21 Abdoulaye Doucouré AM 75 12 (12) 2012-2016
40%
88 Abdoulaye Sané ST 15 0 (2) 2012-2013
40%
55 Alexander Tettey DM 36 2 (2) 2010-2012
40%
92 Alou Diarra DM 13 0 (1) 2012-2013
40%
115 Axel Ngando AM 4 1 (0) 2012-2013
40%
95 Brandon Thomas ST 11 1 (0) 2017-2018
40%
82 Cheick Diarra ST 18 1 (0) 2011-2014
40%
18 Cheikh M'Bengue LB 80 0 (2) 2013-2016
40%
122 Cheikh N'Diaye GK 2 0 (0) 2012-2013
40%
48 Chris Mavinga CB 41 0 (1) 2011-2013
40%
109 Ermir Lenjani LB 6 0 (0) 2014-2017
40%
47 Faitout Maouassa LB 42 3 (3) 2017-2018, 2019-2020
40%
52 Fallou Diagne CB 37 5 (0) 2014-2016
40%
26 Giovanni Sio ST 68 16 (9) 2015-2017
40%
86 Jakob Johansson DM 16 1 (0) 2018-2019
40%
20 James Léa Siliki CM 77 3 (6) 2016-2020
40%
5 Jean-Armel Kana-Biyik CB 113 3 (1) 2010-2014
40%
67 Jérémie Boga LW 27 2 (0) 2015-2016
40%
28 Jérémy Gélin DM 64 0 (2) 2017-2020
40%
59 Jérôme Leroy AM 34 2 (8) 2010-2011
40%
35 Jirès Kembo Ekoko RW 56 13 (5) 2010-2013
40%
29 John Boye CB 63 2 (1) 2010-2014
40%
93 Juan Fernando Quintero AM 12 1 (2) 2015-2016
40%
15 Julien Féret AM 88 19 (22) 2011-2014
40%
53 Nicolas Douchez GK 37 0 (0) 2010-2011
40%
25 Pedro Henrique RW 70 5 (6) 2014-2017
40%
132 Raïs M'Bolhi GK 1 0 (0) 2017-2018
40%
51 Razak Boukari RW 38 7 (2) 2010-2012
40%
38 Romain Del Castillo RW 50 2 (8) 2018-2020
40%
56 Sadio Diallo AM 36 0 (1) 2012-2014
40%
30 Sanjin Prcic CM 61 3 (4) 2014-2015, 2016-2018
40%
98 Silvio Romero ST 11 2 (0) 2013-2014
40%
105 Souleyman Doumbia LB 8 0 (0) 2018-2020
40%
34 Steven Moreira RB 58 0 (2) 2012-2017
40%
113 Steven Nzonzi DM 5 0 (0) 2019-2020
40%
7 Sylvain Armand LB 103 2 (2) 2013-2017
40%
103 Sylvain Marveaux AM 10 1 (3) 2010-2011
40%
45 Tongo Doumbia DM 44 2 (1) 2010-2012
40%
16 Vincent Pajot DM 84 1 (2) 2011-2015
40%
73 Wahbi Khazri LW 24 9 (2) 2017-2018
40%
61 Wesley Saïd ST 32 4 (0) 2013-2014, 2015-2017
40%
91 Yassine Jebbour RB 14 0 (1) 2010-2014
40%
114 Zana Allée CM 5 0 (0) 2013-2014
40%
65 Abdoul Camara LW 27 0 (1) 2010-2012
20%
70 Adama Diakhaby AM 25 4 (0) 2016-2017
20%
99 Afonso Figueiredo LB 10 0 (0) 2016-2018
20%
100 Aldo Kalulu RW 10 0 (1) 2016-2017
20%
127 Armand Laurienté LW 1 0 (0) 2018-2019
20%
119 Asamoah Gyan ST 3 0 (0) 2010-2011
20%
81 Cédric Hountondji CB 18 1 (1) 2013-2014
20%
107 Clément Chantôme DM 7 0 (0) 2016-2017
20%
123 Denis-Will Poha CM 2 0 (0) 2018-2019
20%
89 Diafra Sakho ST 15 2 (0) 2017-2019
20%
124 Dimitri Cavaré CB 2 0 (0) 2016-2017
20%
80 Dimitri Foulquier RB 19 0 (0) 2011-2014
20%
128 Ejike Uzoenyi LW 1 0 (0) 2012-2013
20%
96 Émerson Conceição LB 11 0 (1) 2013-2014
20%
83 Fabien Lemoine DM 18 0 (2) 2010-2011
20%
64 Foued Kadir AM 28 6 (3) 2013-2014
20%
129 Franck Julienne RW 1 0 (0) 2010-2011
20%
58 Georges Mandjeck DM 34 0 (0) 2010-2012
20%
90 Gerzino Nyamsi CB 15 0 (0) 2017-2020
20%
112 Hérita Ilunga LB 5 0 (0) 2012-2013
20%
116 Ismaël Bangoura ST 4 2 (0) 2010-2011
20%
130 Johann Carrasso GK 1 0 (0) 2010-2011
20%
117 John Mensah CB 4 0 (0) 2012-2013
20%
108 John Verhoek ST 7 0 (1) 2010-2011
20%
120 Jonas Martin DM 3 0 (0) 2019-2020
20%
63 Jordan ST 29 3 (2) 2018-2020
20%
110 Jordan Tell ST 6 1 (0) 2017-2018
20%
131 Kévin Beauverger LB 1 0 (0) 2012-2013
20%
9 Kévin Théophile-Catherine CB 94 3 (2) 2010-2014
20%
125 Lucas Da Cunha CM 2 0 (0) 2019-2020
20%
78 Morgan Amalfitano RM 20 1 (0) 2016-2018
20%
97 Nicolas Janvier CM 11 0 (0) 2015-2019
20%
126 Rafik Guitane RW 2 0 (0) 2019-2020
20%
102 Rod Fanni RB 10 0 (0) 2010-2011
20%
118 Romain Salin GK 4 0 (0) 2019-2020
20%
111 Sacha Boey RB 6 0 (1) 2018-2020
20%
87 Samuel Souprayen CB 16 0 (0) 2010-2011
20%
121 Sébastien Salles-Lamonge CM 3 0 (0) 2015-2016
20%
54 Stéphane Dalmat CM 37 2 (2) 2010-2012
20%
72 Tiemoué Bakayoko DM 24 1 (0) 2013-2014
20%
79 Yacouba Sylla DM 20 0 (1) 2015-2016
20%
106 Yann Gboho LW 8 1 (1) 2019-2020
20%
41 Yoann Gourcuff AM 49 7 (4) 2015-2018
20%
No matching quizzes found
Score Distribution
Percent of People with Each Score
Percentile by Number Answered
Your Score History
You have not taken this quiz